000 00626nam a2200229Ia 4500
003 BUBTL
008 151213s9999 xx 000 0 und d
020 _a0-87150-473-1
082 _a519.5/OTA
100 _aLyman Ott
_93555
245 _aAn Introduction to Statistical Method & Data Analysis
_cLyman Ott
250 _a2nd
260 _aBoston
_bDuxbury
_cc1984
300 _a[xi] , 775p . :
_bill . ;23cm.
500 _aIncludes Index
650 _aStatistics
_9171
650 _aStatistics
_9171
700 _aLyman Ott
_93555
856 _k0
_l0
_yDownload
942 _2ddc
_cBK
999 _c1790
_d1790